[Event "EU-ch Blitz"]
[Site "Skopje"]
[Date "2024.12.09"]
[Round "1"]
[White "Kukov, Tode"]
[Black "Van Foreest, Jorden"]
[Result "0-1"]
[WhiteElo "2146"]
[BlackElo "2677"]
[PlyCount "51"]
[EventDate "2024.12.09"]
[EventType "swiss (blitz)"]
[EventRounds "13"]
[EventCountry "MKD"]
[SourceTitle "CB50_2024"]
[SourceDate "2024.11.01"]
[SourceVersion "1"]
[SourceVersionDate "2024.11.01"]
[SourceQuality "2"]

1. d4 Nf6 2. Nf3 b6 3. e3 Bb7 4. Bd3 e6 5. 0-0 c5 6. c4 cxd4 7. exd4 d5 8. cxd5 Nxd5 9. Ne5 a6 10. Nc3 Nd7 11. Nxd7 Qxd7 12. Re1 Be7 13. Qg4 Nf6 14. Qf4 0-0 15. Be3 Rfd8 16. Rad1 b5 17. a3 Rac8 18. Qg3 Bd6 19. Qh3 Be7 20. Bb1 g6 21. Bg5 Nd5 22. Bxe7 Qxe7 23. Ne4 Nf4 24. Qe3 Bxe4 25. Qxe4 Qf6 26. Qe3 0-1

[Event "FRM-chT2"]
[Site "Struga"]
[Date "2024.07.09"]
[Round "4.1"]
[White "Kukov, Tode"]
[Black "Milanovic, Danilo"]
[Result "0-1"]
[WhiteElo "2102"]
[BlackElo "2438"]
[PlyCount "104"]
[EventDate "2024.07.07"]
[EventType "team-tourn"]
[EventRounds "9"]
[EventCountry "MKD"]
[SourceTitle "EXT 2025"]
[Source "ChessBase"]
[SourceDate "2024.10.14"]
[SourceVersion "1"]
[SourceVersionDate "2024.10.14"]
[SourceQuality "1"]

1. d4 Nf6 2. c4 c5 3. d5 b5 4. Qc2 bxc4 5. e4 g6 6. Bxc4 d6 7. Nf3 Bg7 8. 0-0 0-0 9. h3 Nfd7 10. Na3 Nb6 11. Rb1 Na6 12. b3 Nb4 13. Qe2 f5 14. Bb2 fxe4 15. Qxe4 Bf5 16. Qh4 e5 17. dxe6 Qxh4 18. e7+ Nxc4 19. exf8Q+ Rxf8 20. Nxh4 Nxb2 21. Nxf5 Rxf5 22. Nb5 d5 23. Rbc1 c4 24. bxc4 dxc4 25. Nd6 Rc5 26. Rfe1 Be5 27. Ne4 Rc8 28. Re2 N2d3 29. Rb1 c3 30. Nxc3 Bxc3 31. a3 Nc6 32. Re3 Nce5 33. Kf1 Bd4 34. Re4 Bb6 35. f4 Rf8 36. g3 g5 37. Ke2 gxf4 38. gxf4 Nxf4+ 39. Kd2 Rd8+ 40. Kc2 Rc8+ 41. Kb3 Nfd3 42. Rh4 Kg7 43. Rf1 Kg6 44. Ka2 Rc2+ 45. Kb3 Rc6 46. Ka2 Bf2 47. Re4 Bc5 48. Re2 Kg7 49. Rg2+ Rg6 50. Rd2 Rf6 51. Rfd1 Rf2 52. Rxf2 Bxf2 0-1

[Event "FRM-chT2"]
[Site "Struga"]
[Date "2024.07.07"]
[Round "1.1"]
[White "Shapkaroski, Goce"]
[Black "Kukov, Tode"]
[Result "0-1"]
[WhiteElo "2137"]
[BlackElo "2102"]
[PlyCount "90"]
[EventDate "2024.07.07"]
[EventType "team-tourn"]
[EventRounds "9"]
[EventCountry "MKD"]
[SourceTitle "EXT 2025"]
[Source "ChessBase"]
[SourceDate "2024.10.14"]
[SourceVersion "1"]
[SourceVersionDate "2024.10.14"]
[SourceQuality "1"]

1. e4 c5 2. Nc3 a6 3. Nge2 e6 4. g3 Qc7 5. Bg2 Nc6 6. 0-0 d6 7. d3 Nf6 8. a4 Be7 9. f4 Bd7 10. h3 h5 11. Be3 Nb4 12. Nb1 d5 13. e5 Ng8 14. c3 Nc6 15. d4 cxd4 16. Nxd4 g6 17. Na3 Nh6 18. Nac2 Na5 19. Qd3 Nc4 20. Bc1 Rc8 21. b3 Na5 22. Bd2 Bc5 23. Kh1 Bxd4 24. Nxd4 Nc6 25. Rfc1 0-0 26. c4 Nxd4 27. Qxd4 Nf5 28. Qf2 dxc4 29. Rxc4 Bc6 30. Bxc6 bxc6 31. Rac1 Rfd8 32. g4 hxg4 33. hxg4 Ne7 34. Bb4 c5 35. Bxc5 Qb7+ 36. Kh2 Nd5 37. b4 Kg7 38. Kg3 Nxb4 39. Rxb4 Rd3+ 40. Kh4 Qd7 41. f5 Rh8+ 42. Kg5 exf5 43. Bd4 Qe7+ 44. Kf4 Qxb4 45. e6+ Rxd4+ 0-1

[Event "FRM-chT2 Final"]
[Site "Ohrid"]
[Date "2022.07.24"]
[Round "3.1"]
[White "Kukov, Tode"]
[Black "Veljanoski, Andrej"]
[Result "0-1"]
[WhiteElo "2125"]
[BlackElo "2162"]
[PlyCount "66"]
[EventDate "2022.07.24"]
[EventType "team-tourn"]
[EventRounds "3"]
[EventCountry "MKD"]
[SourceTitle "EXT 2023"]
[Source "ChessBase"]
[SourceDate "2022.10.05"]
[SourceVersion "1"]
[SourceVersionDate "2022.10.05"]
[SourceQuality "1"]
[WhiteTeam "Karpos"]
[BlackTeam "MSK Centar"]
[WhiteTeamCountry "MKD"]
[BlackTeamCountry "MKD"]

1. d4 d5 2. Nf3 Nf6 3. c4 e6 4. e3 c6 5. Bd3 Nbd7 6. 0-0 dxc4 7. Bxc4 b5 8. Bd3 Bd6 9. a4 bxa4 10. Qxa4 Bb7 11. Nbd2 0-0 12. Nc4 Nb6 13. Qb3 c5 14. Nxd6 Qxd6 15. dxc5 Qxc5 16. Qb5 Qc7 17. Qe5 Qd8 18. Be2 Nfd7 19. Qd4 Re8 20. Rd1 e5 21. Qb4 Re6 22. b3 Bc6 23. Bb2 Qf6 24. Ra5 Qg6 25. Bd3 Bxf3 26. Bxg6 Rxg6 27. Rxd7 Rxg2+ 28. Kf1 Rxh2 29. Ke1 Nxd7 30. Bxe5 Nxe5 31. Rxe5 Rd8 32. Qd4 Rh1+ 33. Kd2 Rd1+ 0-1

[Event "FRM-chT"]
[Site "Ohrid"]
[Date "2019.07.26"]
[Round "5.3"]
[White "Stojanovski, Dejan"]
[Black "Kukov, Tode"]
[Result "1/2-1/2"]
[WhiteElo "2429"]
[BlackElo "2147"]
[PlyCount "94"]
[EventDate "2019.07.22"]
[EventType "team-tourn"]
[EventRounds "7"]
[EventCountry "MKD"]
[SourceTitle "EXT 2020"]
[Source "ChessBase"]
[SourceDate "2019.10.17"]
[SourceVersion "1"]
[SourceVersionDate "2019.10.17"]
[SourceQuality "1"]
[WhiteTeam "Skopje Alkaloid"]
[BlackTeam "Skopje Karposh"]
[WhiteTeamCountry "MKD"]
[BlackTeamCountry "MKD"]

1. e4 c6 2. d3 d5 3. Nd2 g6 4. Ngf3 Bg7 5. g3 e5 6. Bg2 Ne7 7. 0-0 0-0 8. b3 d4 9. a4 c5 10. Nc4 Qc7 11. Nh4 Nbc6 12. f4 f6 13. f5 g5 14. Nf3 h6 15. g4 Nd8 16. h4 Nf7 17. Kf2 Rd8 18. Rh1 Nc6 19. hxg5 fxg5 20. Bd2 Qe7 21. Ng1 Nd6 22. Ne2 Bd7 23. Ng3 Be8 24. Qf3 Qf6 25. Bf1 Nxc4 26. dxc4 a5 27. Bd3 b6 28. Rh3 Rd6 29. Rah1 Kf8 30. R1h2 Bf7 31. Qh1 Ke8 32. Ne2 Kd7 33. Ng1 Rg8 34. Nf3 Bf8 35. Qc1 Kc7 36. Ke2 Kb7 37. Rh1 Kc7 38. c3 Kb7 39. cxd4 Nxd4+ 40. Nxd4 Rxd4 41. Be3 Rd7 42. Qg1 Bg7 43. Qh2 Rgd8 44. Bc2 Rd6 45. Rd1 Rxd1 46. Bxd1 Rd6 47. Bc1 Be8 1/2-1/2

[Event "FRM-chT"]
[Site "Ohrid"]
[Date "2019.07.24"]
[Round "3.2"]
[White "Kukov, Tode"]
[Black "Nikolovski, Nikola"]
[Result "0-1"]
[WhiteElo "2147"]
[BlackElo "2383"]
[PlyCount "66"]
[EventDate "2019.07.22"]
[EventType "team-tourn"]
[EventRounds "7"]
[EventCountry "MKD"]
[SourceTitle "EXT 2020"]
[Source "ChessBase"]
[SourceDate "2019.10.17"]
[SourceVersion "1"]
[SourceVersionDate "2019.10.17"]
[SourceQuality "1"]
[WhiteTeam "Skopje Karposh"]
[BlackTeam "Skopje Gambit Asseko"]
[WhiteTeamCountry "MKD"]
[BlackTeamCountry "MKD"]

1. e4 e6 2. d4 d5 3. exd5 exd5 4. Nf3 Bd6 5. Bd3 Ne7 6. 0-0 Bg4 7. Bg5 f6 8. Bh4 Nbc6 9. c3 Qd7 10. Bg3 0-0-0 11. b4 h5 12. b5 Na5 13. Bxd6 Qxd6 14. Nbd2 Kb8 15. Qa4 b6 16. Ne1 h4 17. Nb3 Nb7 18. Nc2 c6 19. bxc6 Nxc6 20. Rab1 Bd7 21. Bb5 Rc8 22. Nb4 h3 23. g3 Rhd8 24. Na6+ Ka8 25. Rfc1 Qe6 26. Bf1 Ne5 27. Qa3 Nf3+ 28. Kh1 Qe4 29. Qb2 Nxd4+ 30. Kg1 Nf3+ 31. Kh1 Bb5 32. Nbc5 Bxf1 33. Nxe4 Bg2# 0-1

[Event "FRM-chT 25th"]
[Site "Ohrid"]
[Date "2016.08.09"]
[Round "2.2"]
[White "Kukov, Tode"]
[Black "Selkovski, Zarko"]
[Result "1-0"]
[WhiteElo "2124"]
[BlackElo "1939"]
[PlyCount "42"]
[EventDate "2016.08.08"]
[EventType "team-tourn"]
[EventRounds "5"]
[EventCountry "MKD"]
[SourceTitle "CBM 173 Extra"]
[Source "ChessBase"]
[SourceDate "2016.08.29"]
[SourceVersion "1"]
[SourceVersionDate "2016.08.29"]
[SourceQuality "1"]
[WhiteTeam "Skopje Karposh"]
[BlackTeam "Bitola Noemvri"]
[WhiteTeamCountry "MKD"]
[BlackTeamCountry "MKD"]

1. c4 Nf6 2. Nc3 g6 3. g3 Bg7 4. Bg2 c6 5. d4 0-0 6. Nf3 d5 7. cxd5 cxd5 8. Qb3 Nc6 9. 0-0 Na5 10. Qd1 Bf5 11. b3 Nc6 12. Bb2 Rc8 13. Rc1 Ne4 14. a3 a6 15. b4 Qd6 16. Na4 b5 17. Nc5 Nxc5 18. dxc5 Qd8 19. Bxg7 Kxg7 20. Nd4 e6 21. Nxc6 Rxc6 1-0

[Event "FRM-chT 21st"]
[Site "Struga"]
[Date "2012.07.21"]
[Round "6.6"]
[White "Kukov, Tode"]
[Black "Sadiki, Nedzmedin"]
[Result "1-0"]
[WhiteElo "2118"]
[BlackElo "2194"]
[PlyCount "135"]
[EventDate "2012.07.16"]
[EventType "team-tourn"]
[EventRounds "7"]
[EventCountry "MKD"]
[SourceTitle "CBM 149 Extra"]
[Source "ChessBase"]
[SourceDate "2012.08.24"]
[SourceVersion "1"]
[SourceVersionDate "2012.08.24"]
[SourceQuality "1"]
[WhiteTeam "Skopje Karposh"]
[BlackTeam "Kumanovo"]
[WhiteTeamCountry "MKD"]
[BlackTeamCountry "MKD"]

1. d4 d5 2. Nf3 Nf6 3. c4 e6 4. g3 b6 5. Bg2 Bb7 6. 0-0 Be7 7. Ne5 0-0 8. Qc2 Nbd7 9. Bf4 Nxe5 10. Bxe5 Bd6 11. Rd1 Qe7 12. Nc3 c6 13. Bxd6 Qxd6 14. e4 Qc7 15. e5 Nd7 16. cxd5 cxd5 17. Qe2 a6 18. Rac1 Rfc8 19. Qe3 Qd8 20. Bf1 Rc7 21. Bd3 Rac8 22. f4 g6 23. Qf2 b5 24. g4 Nb6 25. Ne2 Nc4 26. Ng3 Qh4 27. b3 Nb6 28. Rxc7 Rxc7 29. Qe2 Rc3 30. Rf1 f5 31. Qd2 b4 32. gxf5 gxf5 33. Rc1 a5 34. Rxc3 bxc3 35. Qxc3 Qxf4 36. Be2 Nd7 37. Kg2 Nf8 38. Qc7 Qg5 39. Bh5 Ng6 40. Qb8+ Kg7 41. Qxb7+ Ne7 42. Kf1 f4 43. Ne2 Kh6 44. Bg4 Ng6 45. Bf3 Nh4 46. Ng1 Qf5 47. Qe7 Qb1+ 48. Kf2 Qxa2+ 49. Be2 Ng6 50. Qxe6 Qxb3 51. Qh3+ Qxh3 52. Nxh3 a4 53. Bd1 a3 54. Bb3 Ne7 55. Nxf4 Nc6 56. Nxd5 Nxd4 57. Ba2 Kg5 58. Ke3 Nc6 59. Ke4 h5 60. e6 Kg4 61. Nf4 h4 62. h3+ Kg3 63. Ke3 Ne7 64. Ke4 Nc6 65. Kf5 Nd4+ 66. Ke5 Nf3+ 67. Kf6 Kxf4 68. e7 1-0

[Event "Skopje op 19th"]
[Site "Skopje"]
[Date "2011.10.29"]
[Round "6"]
[White "Kukov, Tode"]
[Black "Karatrajkov, Nikola"]
[Result "1-0"]
[WhiteElo "2086"]
[BlackElo "1763"]
[PlyCount "38"]
[EventDate "2011.10.24"]
[EventType "swiss"]
[EventRounds "9"]
[EventCountry "MKD"]
[SourceTitle "EXT 2012"]
[Source "ChessBase"]
[SourceDate "2011.11.24"]
[SourceVersion "1"]
[SourceVersionDate "2011.11.24"]
[SourceQuality "1"]

1. e4 g6 2. d4 Bg7 3. Nc3 d6 4. Bg5 Nf6 5. e5 dxe5 6. dxe5 Qxd1+ 7. Rxd1 Ng4 8. h3 Nxe5 9. Nd5 Kd7 10. Nb6+ Kc6 11. Nxa8 b6 12. Bxe7 Re8 13. Bb5+ Kxb5 14. Nxc7+ Kc6 15. Nxe8 Bh8 16. Rd8 Na6 17. Rxc8+ Kd7 18. Ra8 Nc6 19. Bf6 Nc7 1-0

[Event "FRM-chT 2nd League"]
[Site "Skopje"]
[Date "2011.04.16"]
[Round "2"]
[White "Glavinac, Goran"]
[Black "Kukov, Tode"]
[Result "0-1"]
[WhiteElo "2184"]
[BlackElo "2076"]
[PlyCount "98"]
[EventDate "2011.04.10"]
[EventType "team-tourn"]
[EventRounds "7"]
[EventCountry "MKD"]
[SourceTitle "EXT 2019"]
[Source "ChessBase"]
[SourceDate "2018.10.10"]
[SourceVersion "1"]
[SourceVersionDate "2018.10.10"]
[SourceQuality "1"]

1. c4 g6 2. Nc3 c5 3. Nf3 Bg7 4. g3 Nc6 5. Bg2 e6 6. 0-0 Nge7 7. d3 0-0 8. Bd2 d5 9. Qc1 b6 10. Bh6 Bb7 11. Bxg7 Kxg7 12. Rb1 Rc8 13. h4 dxc4 14. dxc4 Rc7 15. h5 Ng8 16. Qf4 Rd7 17. Rfd1 Nd4 18. Nxd4 cxd4 19. Ne4 Bxe4 20. Bxe4 Qf6 21. Qg4 Qe5 22. Bf3 Nf6 23. Qh4 Nxh5 24. Rd3 Nf6 25. g4 Qf4 26. Rbd1 e5 27. Qh1 e4 28. Bxe4 Qxe4 29. Qxe4 Nxe4 30. Rxd4 Rxd4 31. Rxd4 f5 32. f3 Nc5 33. b3 fxg4 34. Rxg4 Rd8 35. b4 Ne6 36. Re4 Kf6 37. Re3 Rd7 38. Kf2 h5 39. Rc3 Rc7 40. e3 g5 41. Ke2 h4 42. Rc1 Nd8 43. Kd3 Nc6 44. f4 Nxb4+ 45. Ke4 g4 46. a3 Na6 47. Kd5 g3 48. Rg1 Kf5 49. e4+ Kxf4 0-1

[Event "Skopje op"]
[Site "Skopje"]
[Date "2011.03.23"]
[Round "5"]
[White "Kukov, Tode"]
[Black "Hadzi Manev, Ljubomir"]
[Result "1/2-1/2"]
[WhiteElo "2076"]
[BlackElo "2184"]
[PlyCount "21"]
[EventDate "2011.03.19"]
[EventType "swiss"]
[EventRounds "9"]
[EventCountry "MKD"]
[SourceTitle "CBM 141 Extra"]
[Source "ChessBase"]
[SourceDate "2011.05.03"]
[SourceVersion "1"]
[SourceVersionDate "2011.05.03"]
[SourceQuality "1"]

1. Nf3 d5 2. d4 e6 3. c4 c5 4. cxd5 exd5 5. Nc3 Nf6 6. g3 Nc6 7. Bg2 Be7 8. 0-0 0-0 9. Bg5 c4 10. Ne5 Be6 11. Nxc4 1/2-1/2

[Event "Skopje op"]
[Site "Skopje"]
[Date "2011.03.22"]
[Round "4"]
[White "Mitkovski, Zarko"]
[Black "Kukov, Tode"]
[Result "0-1"]
[WhiteElo "2165"]
[BlackElo "2076"]
[PlyCount "144"]
[EventDate "2011.03.19"]
[EventType "swiss"]
[EventRounds "9"]
[EventCountry "MKD"]
[SourceTitle "CBM 141 Extra"]
[Source "ChessBase"]
[SourceDate "2011.05.03"]
[SourceVersion "1"]
[SourceVersionDate "2011.05.03"]
[SourceQuality "1"]

1. e4 g6 2. d4 Bg7 3. f4 d6 4. Nf3 Nd7 5. Bd3 a6 6. 0-0 b5 7. a4 b4 8. Qe1 Rb8 9. e5 Nh6 10. Nbd2 0-0 11. Ne4 Bb7 12. Neg5 e6 13. Ne4 Bxe4 14. Qxe4 c5 15. exd6 cxd4 16. Ne5 Rb6 17. Nc4 Nc5 18. Qf3 Rb8 19. b3 Nxd3 20. cxd3 Nf5 21. Qc6 Qc8 22. Qxc8 Rfxc8 23. g4 Ne3 24. Bxe3 dxe3 25. Rae1 Bd4 26. Kg2 Rc6 27. f5 exf5 28. gxf5 Rc5 29. Rf4 Rd5 30. fxg6 hxg6 31. Kf3 f5 32. Rg1 e2 33. Re1 Re8 34. Rxe2 Rxe2 35. Kxe2 g5 36. Rf1 Kg7 37. h3 Kf6 38. Kd2 Bc5 39. Re1 Bxd6 40. Re8 Bf4+ 41. Ke2 g4 42. hxg4 fxg4 43. Ra8 g3 44. Rxa6+ Kg7 45. Ra7+ Kg8 46. Ra8+ Kg7 47. Ra5 Rxd3 48. Rf5 g2 49. Kxd3 Bc1 50. Rf7+ Kg8 51. Rb7 g1Q 52. Rb6 Qd1+ 53. Ke4 Qxb3 54. Rb8+ Kg7 55. Rb7+ Kh6 56. Rb6+ Kh5 57. Rb5+ Kh4 58. Kd4 Qc3+ 59. Kd5 b3 60. a5 Qd3+ 61. Kc5 b2 62. Nxb2 Bxb2 63. Rxb2 Qc3+ 64. Kb6 Qxb2+ 65. Ka7 Qg7+ 66. Kb6 Qf6+ 67. Kb7 Qe7+ 68. Kb6 Qd8+ 69. Ka6 Qa8+ 70. Kb6 Kg5 71. a6 Kf5 72. a7 Ke6 0-1

[Event "Skopje-ch op"]
[Site "Skopje"]
[Date "2010.12.09"]
[Round "6"]
[White "Stoilkovski, Jordan"]
[Black "Kukov, Tode"]
[Result "1/2-1/2"]
[WhiteElo "1982"]
[BlackElo "2068"]
[PlyCount "39"]
[EventDate "2010.12.04"]
[EventType "swiss"]
[EventRounds "9"]
[EventCountry "MKD"]
[SourceTitle "CBM 139 Extra"]
[Source "ChessBase"]
[SourceDate "2011.01.05"]
[SourceVersion "1"]
[SourceVersionDate "2011.01.05"]
[SourceQuality "1"]

1. e4 c5 2. Nf3 Nc6 3. d4 cxd4 4. Nxd4 g6 5. Be3 Bg7 6. Nc3 Nf6 7. Qd2 0-0 8. Bc4 Ng4 9. Nxc6 bxc6 10. Bd4 Bxd4 11. Qxd4 Qb6 12. Qxb6 axb6 13. h3 Ne5 14. Be2 Ba6 15. b3 Bxe2 16. Kxe2 d6 17. f4 Nd7 18. g4 Ra7 19. a4 Rfa8 20. Rad1 1/2-1/2

[Event "Skopje-ch op"]
[Site "Skopje"]
[Date "2010.12.08"]
[Round "5"]
[White "Kukov, Tode"]
[Black "Kacakovski, Dimitar"]
[Result "1/2-1/2"]
[WhiteElo "2068"]
[BlackElo "2178"]
[PlyCount "37"]
[EventDate "2010.12.04"]
[EventType "swiss"]
[EventRounds "9"]
[EventCountry "MKD"]
[SourceTitle "CBM 139 Extra"]
[Source "ChessBase"]
[SourceDate "2011.01.05"]
[SourceVersion "1"]
[SourceVersionDate "2011.01.05"]
[SourceQuality "1"]

1. e4 c5 2. Nf3 Nc6 3. d4 cxd4 4. Nxd4 Nf6 5. Nc3 e5 6. Ndb5 d6 7. Bg5 a6 8. Na3 b5 9. Nd5 Be7 10. Bxf6 Bxf6 11. c3 Bg5 12. Nc2 Rb8 13. Be2 0-0 14. 0-0 a5 15. Qd3 Ne7 16. Nce3 Be6 17. Nxe7+ Bxe7 18. Rfd1 g6 19. Nd5 1/2-1/2